00321nam a2200109Ia 4500008004100000082000800041100001700049245002900066942000600095952009500101999001500196240331s9999 xx 000 0 und d bASH aAshokamitran 0aAshokamitran katturaigal cL 001040708LaWERCLbWERCLcSSCd2024-03-31l0o 894 ASHp6093r2024-03-31w2024-03-31yL c4657d4657